Franchise R-rated con maggiori incassi nella storia del cinema - Statistics

Statistiche generali
  • Questo quiz è stato fatto 4 volte
  • Il punteggio medio è 3 su 15
Statistiche sulle risposte
Incassi totali ($) Numero di film Franchise % Corretto
1 173 474 976 2 It
67%
2 401 086 057 9 The Conjuring
67%
1 330 700 317 7 Alien
33%
1 569 307 275 2 Deadpool
33%
1 237 686 980 9 Resident Evil
33%
1 118 362 652 10 Saw
33%
1 078 816 640 2 Batman
0%
1 322 263 368 3 Cinquanta sfumature
0%
1 230 442 719 2 Detective Chinatown
0%
1 052 554 989 4 Die Hard
0%
1 027 157 696 4 John Wick
0%
1 789 251 650 4 Matrix
0%
1 292 704 949 4 Terminator
0%
1 416 248 289 3 Una notte da leoni
0%
2 136 404 838 3 X-Men
0%
Nessun quiz corrispondente trovato
Distribuzione punteggi
Percentuale di utenti per punteggio
Percentile per numero di risposta
I tuoi punteggi nel tempo
Non hai fatto questo quiz